| 000 | 00625nam a22001937a 4500 | ||
|---|---|---|---|
| 999 |
_c18457 _d18457 |
||
| 003 | AR-CdUCM | ||
| 008 | 190514b ||||| |||| 00| 0 spa d | ||
| 040 |
_aMUNICIPALIDAD PROVINCIAL DEL CUSCO _cBIBLIOTECA MUNICIPAL DEL CUSCO |
||
| 082 |
_a146 / _bT82 / 1938 |
||
| 100 |
_aTroise, Emilio _930538 |
||
| 245 |
_aMaterialismo dialectico : _bConcepción materialista de la historia / |
||
| 260 |
_aBuenos Aires : _bLa facultad, _c1938. |
||
| 300 |
_a358 paginas ; _c21 cm. |
||
| 505 | _aContenido: obra e historia | ||
| 650 |
_aliteratura _9212 |
||
| 650 |
_aHistoria _9136 |
||
| 942 |
_2ddc _cLIBROS |
||
| 945 |
_apjha _d2019-05-14 |
||